000 01198cam a22002894a 4500
999 _c24704
_d24704
001 12792167
003 NUST
005 20170622132951.0
008 020529s2003 njua b 001 0 eng
010 _a 2002074816
020 _a0130891614
040 _aDLC
_cRCMS
_dDLC
042 _apcc
050 0 0 _aTK7868.D5
_b.C48 2003
082 0 0 _a621.39/5 CIL
_221
100 1 _aMichael D. Ciletti
_93067
245 1 0 _aAdvanced digital design with the Verilog HDL /
_cMichael D. Ciletti
250 _a1st ed.
260 _aUpper Saddle River, NJ :
_bPrentice Hall,
_c2003.
300 _axxi, 982 p. :
_bill. ;
_c24 cm.
_e+ 1 CD-ROM (4 3/4 in.)
440 0 _aPrentice Hall Xilinx design series
_93114
504 _aIncludes bibliographical references and index.
538 _iShelf # 09, Row # 2, History & Digital Design.
650 0 _aDigital electronics.
_93115
650 0 _aLogic circuits
_xComputer-aided design.
_93116
650 0 _aVerilog (Computer hardware description language)
_92989
856 _3Table of Contents Only.
906 _a7
_bcbc
_corignew
_d1
_eocip
_f20
_gy-gencatlg
942 _2ddc
_cBK
_h621.39/5 CIL